| 000 | 01126nam a2200181Ia 4500 | ||
|---|---|---|---|
| 008 | 090630s9999 xx 000 0 und d | ||
| 082 | _b27673 | ||
| 100 | _aसिद्दीकी मकसुद आलम अनु. मनियार मुबारक हुसेन. | ||
| 245 |
_aपवित्र कुरआन एका दृष्टीक्षेपात. _cसिद्दीकी मकसुद आलम अनु. मनियार मुबारक हुसेन. |
||
| 260 |
_bइस्लामिक मराठी प्रकाशन - मुंबई. _c2004 |
||
| 300 | _a81 | ||
| 600 | _aसिद्दीकी मकसुद आलम अनु. मनियार मुबारक हुसेन. | ||
| 630 | _aपवित्र कुरआन एका दृष्टीक्षेपात. | ||
| 655 | _aइतर. | ||
| 700 | _aसिद्दीकी मकसुद आलम अनु. मनियार मुबारक हुसेन. | ||
| 730 | _aपवित्र कुरआन एका दृष्टीक्षेपात. | ||
| 942 | _cBOOK | ||
| 999 |
_c279529 _d279529 |
||